000 00724nam a2200253Ia 4500
003 OSt
005 20220930185239.0
006 a|||||r|||| 00| 0
007 ta
008 220926b |||||||| |||| 00| 0 eng d
020 _a0451196345 (hbk)
_c1388.08
024 _a493
037 _b2999, 12/03/2008, Bharat Scientific Syndicate
_cTextbook
040 _aCRL
_cCRL
_beng
041 _2eng
_aeng
082 _aW:5, P3
100 _aFaulks Keith
245 0 _aCitizenship
260 _aLondon
_bRoutledge India
_c2000
300 _ax, 190p.
_ccm.
650 _aPOLITICAL SCIENCE
942 _hW:5, P3
_cTB
_2CC
999 _c889820
_d889820